000 00695nam a2200217Ii 4500
003 JO-AjNU
008 230605s9999||||xx |||||||||||||| ||und||
017 _a1994/7/718
040 _aJO-AjNU
_bara
_erda
_cJO-AjNU
041 _aara
050 1 4 _aB819.H5234.1994
100 3 _aالحياري،حسن أحمد,
_eauthor
_931796
245 0 0 _aاسرار الوجود وانعكاساتها التربوية
250 _aط1
264 3 1 _aاربد:دار الامل ،1994
300 _a356ص
336 _atext
_btxt
_2rdacontent
337 _aunmediated
_bn
_2rdamedia
338 _avolume
_bnc
_2rdacarrier
650 4 _aالفلسفة النقددية-الفلسفة-الوجود
_931797
999 _aA12758
_c16326
_d16326